000 01816nam a2200469 i 4500
001 196779
003 ES-MaACL
005 20250724063441.0
008 241118s2007 sp a | |||| 000 c spa
015 _aMON07
017 _aB 40286-2010
_bOficina Depósito Legal Barcelona
020 _a9788439720713
035 _a(OCoLC)433819401
035 _a(SpMaBN)a4266903
040 _aSpMaBN
_bspa
_cSpMaBN
_erdc
080 _a74 Spiegelman, Art
080 _a94(=411.16:438)"1939/45"(0:82)
080 _a821.111(73)-91"19"
100 1 _aSpiegelman, Art,
_d1948-
_9239319
_eaut
240 1 0 _aMaus
_lEspañol
245 1 0 _aMaus:
_brelato de un superviviente /
_cArt Spiegelman ; [traducción de Julio Cruz Rodríguez]
250 _aDécima edición: Octubre 2010
260 _aBarcelona :
_bRandom House Mondadori,
_c2007.
300 _a295 páginas :
_bprincipalmente ilustrado ;
_c24 cm
336 _2rdacontent
_atexto
337 _2rdamedia
_asin mediación
338 _2rdacarrier
_avolumen
490 1 _a[Reservoir books]
500 _a"Ganadora del Premio Pulitzer"--Sobrecubierta
505 _aMi padre sangra historia; Y aquí comenzaron mis problemas
594 _aTraducción de: Maus
650 0 _aJudíos-
_zPolonia-
_xHistoria-
_yS.XX-
_vCómics
_2embne
_9239320
655 7 _2tgfbne
_9226827
_aCómics
700 _aCruz Rodríguez, Julio
_etrl
_9239327
852 _aES-MaACL
_cDEPOJ
_jN-10216
_hDonación: José Lázaro García
_xEncuadernación cartoné con sobrecubiertas
_9206343
903 _9234219
_aLázaro García, José
_ednr
942 _cMONOGRAFIA
_n0
999 _c196779
_d196779